000
00248nam a2200121Ia 4500
100
_a
#N/A
942
_c
BK
245
_a
Practical Java Project for beginners - the team SPD
260
_b
#N/A
082
_b
21971
546
_a
ENGLISH
999
_c
34882
_d
34882